00991nam a2200289Ia 4500003000400000005001700004008004100021020001500062040001800077041000800095082001800103100002900121245009600150250001200246260005600258300002600314650003000340650002500370650002000395650002800415650003000443700002700473700002700500942003000527999001900557952012500576OSt20241008101659.0210716s2001 xx 000 0 und d a8175152788 cAIMIT LIBRARY aeng a005.73 bHORE aHorowitz, Ellis.9181713 aFundamentals of data structures in c++ /cBy Ellis Horowitz, Sartaj Sahni and Dinesh Mehta. a1st ed. aNew Delhi :bGalgotia Publications Pvt Ltd ,c2001. axx,653p.;bPBc25 cm. aStacks and Queues9181714 aLinked lists9181715 aHashing9181716 aHeap structures9181717 aSearch structures9181718 aSahni, Sartaj.9181719 aMehta, Dinesh.9181720 2ddccBKe1stk005.73 HORE c184683d184683 001040708MCAaAIMITbAIMITd2021-07-16g279.00l0o005.73 HOREpMCA04191r2025-07-21 00:00:00v279.00w2021-07-16yBK